Statistics for Football - Welsh Premier League Champions since 1993

Click here to take the quiz!

General Stats

  • This quiz has been taken 89 times
    (73 since last reset)
  • The average score is 21 of 27

Answer Stats

YearChampions% Correct
2006Total Network Solutions
100%
2000Total Network Solutions
100%
2005Total Network Solutions
100%
2012The New Saints
98%
2018The New Saints
98%
2010The New Saints
98%
2007The New Saints
98%
2013The New Saints
98%
2014The New Saints
98%
2015The New Saints
98%
2016The New Saints
98%
2017The New Saints
98%
2001Barry Town
72%
1996Barry Town
72%
1997Barry Town
72%
1998Barry Town
72%
1999Barry Town
72%
2003Barry Town
72%
2002Barry Town
72%
2011Bangor City
61%
1994Bangor City
61%
1995Bangor City
61%
2004Rhyl
56%
2009Rhyl
56%
2008Llanelli
39%
1993Cwmbran Town
33%
2019The New Saints
19%

Score Distribution

Percentile by Number Answered

Percent of People with Each Score

Your Score History

You have not taken this quiz since the last reset